00495nam a2200169Ia 4500003000400000005001700004008004100021040001000062082001200072100002100084245005300105260001800158600002000176942001200196952010000208999001700308OSt20260518092921.0241002s9999 xx 000 0 und d cAACR2 a570 HOG aHogben, Lancelot 0aMathematics for The Million/cby lancelot Hogben aLondon:c1953 aNatural Science cUC2ddc 00102ddc4070aUITUbUITUd1994-01-01l0o570 HOGpUC540r2024-10-02 09:31:23w2024-10-02yUC c18867d18867